1468 1117 1602 1923 1853 1959 1407 1351 1054 1154 1956 1950 1638 1848 1645 1596 1712 1056 1071 1356 1642 1787 1964 1808 1976 1997 1116 1746 1155 1149 1424 1914 1459 1449 1949 1454 1119 1640 1378 1101 1411 1286 1044 1282 1624 1000 1176 1183 1884 1165 1437 1423 1861 1641 1510 1593 1840 1448 1911 1084 1161 1583 1999 1973 1398 1714 1757 1392 1199 1856 1775 1631 1327 1498 1810 1772 1667 1308 1120 1547 1417 1354 1398 1791 1780 1307 1094 1168 1017 1659 1247 1799 1786 1580 1387 1425 1388 1979 1526 BCNSPRNW ULIB Ver.6.0+V

เปลี่ยนเป็นภาษาไทย

Change to English
 แสดงรายละเอียดบรรณานุกรม
  กลับหน้าหลัก

Brief Record : Get Marc (ISO 2709) : E-mail record : QR code < ปิดหน้าต่าง
LEADER : 00000nam 2200000uu 4500
001    13399109661
003     ULIB
008    110407s2005||||th 000 0 eng d
020    1582796386
060  4 WB890^bT111O 2005
110 1  Trident Reference Publishing
245 00 Overcomming fatigue/^cTrident Reference Publishing
260    China:^bGrolier,^c2005
300    63 p.:^bcol.
650  7 fatigue
650  7 Natural Herb
650  7 Therapie
945    ^p0^l0^i023003
995    Tossapron
999 ^a ใช้งานได้ทุกระบบ
รายการนี้ยังไม่มีแท็ก
คุณยังไม่ได้ล็อกอิน คุณสามารถมีกิจกรรมร่วมกับเว็บไซต์ได้ แต่ต้องล็อกอินก่อน ::
  ล็อกอิน

รายการสื่อสารสนเทศ

ลำดับที่ ประเภท เลขเรียก/บาร์โค้ด สถานที่ สถานะ
- ไม่พบข้อมูล -

รายการใกล้เคียง
    หัวเรื่อง [fatigue]
    หัวเรื่อง [Natural Herb]
    หัวเรื่อง [Therapie]

BibComment


ยังไม่เคยถูกคอมเมนท์

คอมเมนท์ทรัพยากรรายการนี้
  คอมเมนท์: Overcomming fatig..


 Copyright 2026. Bcnsprnw @Library